| 000 | 00691nam a22002057a 4500 | ||
|---|---|---|---|
| 999 |
_c20118 _d20118 |
||
| 003 | AR-CdUCM | ||
| 008 | 190527b ||||| |||| 00| 0 spa d | ||
| 040 |
_aMUNICIPALIDAD PROVINCIAL DEL CUSCO _cBIBLIOTECA MUNICIPAL DEL CUSCO |
||
| 082 |
_a920 / _bM26C |
||
| 100 |
_aMarx, Carlos y Engels Federico _928053 |
||
| 245 | _aCorrespondencia / | ||
| 260 |
_aBuenos Aires : _bCartago, _c1973. |
||
| 300 |
_a367 páginas _c23 cm |
||
| 505 | _aContenido: De Engels al comité comunista de correspondencia de bruselas -- De Marx a P. V. -- De Engels a Marx... | ||
| 650 |
_aComunismo _9495 |
||
| 650 |
_aEconomía _9382 |
||
| 650 |
_aPolítica _9291 |
||
| 942 |
_2ddc _cLIBROS |
||
| 945 | _aJavier | ||